Ritual romano
Furkejuvvon:
| Searvvušdahkki: | |
|---|---|
| Materiálatiipa: | Girji |
| Giella: | espánnjágiella |
| Almmustuhtton: |
Santiago
San Pablo
2011
|
| Preanttus: | 1a. ed |
| Fáttát: | |
| Fáddágilkorat: |
Lasit fáddágilkoriid
Eai fáddágilkorat, Lasit vuosttaš fáddágilkora!
|
MARC
| LEADER | 00000cam a2200000 a 4500 | ||
|---|---|---|---|
| 001 | UCD7858 | ||
| 003 | CL-VaPUC | ||
| 008 | 170414e20110000cl |||||||||||||||||spa|d | ||
| 020 | |a 9562562913 | ||
| 082 | 0 | 4 | |a 265.7 |b COM |2 21 |
| 110 | 2 | |a Comisión Episcopal de Liturgia Chile |e author |9 591770 | |
| 245 | 1 | 0 | |a Ritual romano |
| 246 | 1 | 3 | |a La pastoral de los enfermos |
| 246 | 1 | 3 | |a El sacramento de la unción |
| 250 | |a 1a. ed | ||
| 300 | |a 156 p | ||
| 942 | |c BK | ||
| 945 | |d 20170414 22:34:00 |a dcastane | ||
| 260 | |a Santiago |b San Pablo |c 2011 | ||
| 650 | 7 | |a UNCION DE LOS ENFERMOS |2 CL-VaPUC |9 399341 | |
| 650 | 7 | |a RITOS RELIGIOSOS |2 CL-VaPUC |9 467515 | |
| 650 | 7 | |a SACRAMENTOS DE LA IGLESIA CATOLICA |2 CL-VaPUC |9 518874 | |
| 583 | |a last modification |c 20170414 22:34:00 |k Rodrigo Vera | ||
| 999 | |c 367724 |d 367722 | ||
| 952 | |0 0 |1 0 |3 erb |4 0 |6 265_700000000000000_COM_2011 |7 0 |8 A |9 482792 |a BIBTEO |b BIBTEO |i 537247K |l 9 |o 265.7 COM 2011 |p 537247K |r 2025-01-17 |s 2022-03-03 |w 2019-11-24 |y BK |z Catalogado en:20170414 |k ICR | ||